000 00571nam a2200193Ia 4500
003 GCL
008 140319s9999 xx 000 0 ara d
040 _aGCL /
_cGCL
082 0 4 _a810.8
_bم ن
100 1 _aمصطفى لطفى المنفلوطى
245 1 0 _aالنظرات /
_cمصطفى لطفى المنفلوطى
260 _aبيروت :
_bدار الجيل
300 _a3 مج ؛
_c24 سم
490 _a
650 0 4 _aالادب العربى
650 0 4 _aالعصر الحديث
650 0 4 _aمصطفى لطفى المنفلوطى
942 _2ddc
_cBK
999 _c54451
_d54451